000
00293nam a2200097Ia 4500
082
_a
960.3|ELLI
245
0
_a
Season of rains : Africa in the world
100
_a
Ellis, Stephen, Auckland Park, South Africa, 2011
_9
69381
942
_c
BK
008
210817s9999 xx 000 0 und d
999
_c
224178
_d
224177